Statistiques concernant Pays dont le nom contient "CH"

Cliquez ici pour prendre le quiz!

Statistiques générales

  • Ce quiz a été pris 355 fois
    (345 depuis la dernière actualisation)
  • Le résultat moyen est 5 sur 9

Statistiques - réponses

Nom du pays % Correct
3Chine
89%
2Chili
75%
4Chypre
57%
1Autriche
52%
6République Tchèque
52%
5Liechtenstein
45%
9Tchad
41%
8Seychelles
37%
7Saint-Christophe-et-Nieves
25%

Distribution des résultats

Percentile by Number Answered

% des personnes avec chaque résultat

Votre développement - résultats

Vous n’avez pas pris ce quiz depuis la dernière actualisation